Principios de derecho administrativo (Registro nro. 4643)

Detalles MARC
000 -LEADER
fixed length control field 01118 a2200217 4500
001 - CONTROL NUMBER
control field 48615
005 - DATE AND TIME OF LATEST TRANSACTION
control field 20260407155751.0
008 - FIXED-LENGTH DATA ELEMENTS--GENERAL INFORMATION
fixed length control field 260407a1978 arg spa d
003 - CONTROL NUMBER IDENTIFIER
control field AR-UNSa-BCEJYS
040 ## - CATALOGING SOURCE
Original cataloging agency AR-UNSa-BCEJYS
Language of cataloging spa
Transcribing agency AR-UNSa-BCEJYS
080 ## - UNIVERSAL DECIMAL CLASSIFICATION NUMBER
Universal Decimal Classification number 342.9
Common auxiliary subdivision Derecho Administrativo
020 ## - INTERNATIONAL STANDARD BOOK NUMBER
International Standard Book Number 84-7351-142-5
100 1# - MAIN ENTRY--PERSONAL NAME
Personal name Orlando, V.E.
245 10 - TITLE STATEMENT
Title Principios de derecho administrativo
264 #1 - PRODUCTION, PUBLICATION, DISTRIBUTION, MANUFACTURE, AND COPYRIGHT NOTICE
Place of production, publication, distribution, manufacture Madrid :
Name of producer, publisher, distributor, manufacturer Instituto Nacional de Administración Pública (INAP)
Date of production, publication, distribution, manufacture, or copyright notice 1978
300 ## - PHYSICAL DESCRIPTION
Extent 298 p.
Dimensions 22 cm.
505 ## - FORMATTED CONTENTS NOTE
Formatted contents note 1. La ciencia - 2. Organización de la administración: Los oficios de la Administración Central - 3. Organización de la Administración: Teoría de las relaciones entre el empleado y el Estado - 4. Organización de la Administración: Administración local - 5. La actividad de la Administración: la actividad jurídica - 6. La actividad de la Administración: la actividad social - 7. La defensa jurisdiccional contra la acción administrativa - 8. Las obligaciones del Estado.
590 ## - LOCAL NOTE (RLIN)
Local note niveau_biblio:m niveau_hierar:0
700 1# - ADDED ENTRY--PERSONAL NAME
Personal name Rodríguez Bereijo, Álvaro
942 ## - ADDED ENTRY ELEMENTS (KOHA)
Koha item type
Existencias
Withdrawn status Lost status Damaged status Not for loan Home library Current library Shelving location Date acquired Total checkouts Full call number Barcode Date last seen Price effective from Koha item type
        Biblioteca Prof. Eusebio Cleto del Rey Biblioteca Prof. Eusebio Cleto del Rey   07/04/2026   342.9 O71 L33615 07/04/2026 07/04/2026 Libro